| 000 | 00848nam a2200229 i 4500 | ||
|---|---|---|---|
| 003 | DO-SdBNP | ||
| 005 | 20251010104458.0 | ||
| 007 | ta | ||
| 008 | 211013e199- dr ||||fr|||| 001 0 spa d | ||
| 040 |
_aDO-SdBNP _bspa _cBNPHU |
||
| 082 | 4 |
_222 _bxxx _axxx |
|
| 110 | 1 |
_932266 _aRepública Dominicana. _bSecretariado Técnico de la Presidencia. _bOficina Nacional de Presupuesto |
|
| 245 | 1 | 0 | _aManual de estudio para los interesados en obtener licencias de intermediarios en operaciones de segugos provisional |
| 264 | 1 |
_aSanto Domingo : _bSecretaría de Estado de Finanzas; _bSuperintendencia de Seguros, _c199-?. |
|
| 300 |
_a89 páginas; _c21 cm. |
||
| 336 |
_atexto _btxt _2rdacontent |
||
| 337 |
_asin mediación _bn _2rdamedia |
||
| 338 |
_avolumen _bnc _2rdacarrier |
||
| 590 | _aInventariado 2025/BT | ||
| 910 | _aBtavárez | ||
| 942 |
_2ddc _cLBS1 |
||
| 999 |
_c50745 _d50745 |
||